000 00665nam a2200229 a 4500
001 000047127
003 DO-SdBNP
005 20230417102756.0
007 ta
008 180417s2015 xxug 000 0 spa d
020 _a9790580290168
040 _aDO-SdBNP
_bspa
_cBNPHU
082 4 _bS285m
_222
100 1 _aScarfullery, Rafael
_974923
245 1 0 _a8 Meditations :
_bfor flute or violin & guitar /
_cRafael Scarfullery.
246 1 0 _aocho meditaciones.
260 _aEstados Unidos de América :
_bScarfullery Music,
_c2015.
300 _a32 p. :
_bil. ;
_c28 cm.
500 _aIncluye datos del autor
590 _aInventariado, 2018/LP
942 _2ddc
_cLF2
999 _c46615
_d46615